Introductory mycology (Record no. 86707)

MARC details
000 -LEADER
fixed length control field 00419nam a22001337a 4500
008 - FIXED-LENGTH DATA ELEMENTS--GENERAL INFORMATION
fixed length control field 260515b |||||||| |||| 00| 0 eng d
020 ## - INTERNATIONAL STANDARD BOOK NUMBER
International Standard Book Number 9780471522294
050 ## - LIBRARY OF CONGRESS CALL NUMBER
Classification number QK 603 Ale
100 ## - MAIN ENTRY--PERSONAL NAME
9 (RLIN) 5495
Personal name Alexopoulos, C. J.
245 ## - TITLE STATEMENT
Title Introductory mycology
Statement of responsibility, etc. / by C. J. Alexopoulos; C. W. Mims; and M. Blackwell
260 ## - PUBLICATION, DISTRIBUTION, ETC.
Place of publication, distribution, etc. Canada :
Name of publisher, distributor, etc. John Wiley & Sons. Inc.
Date of publication, distribution, etc. 1996
300 ## - PHYSICAL DESCRIPTION
Extent x, 869 pages : illustrations
942 ## - ADDED ENTRY ELEMENTS (KOHA)
Source of classification or shelving scheme
Holdings
Withdrawn status Lost status Source of classification or shelving scheme Damaged status Not for loan Collection code Home library Current library Shelving location Date acquired Inventory number Total Checkouts Full call number Barcode Date last seen Price effective from
          Main Library Open Access Collection CBU-MAIN LIBRARY, KITWE. CBU-MAIN LIBRARY, KITWE. General Stacks 05/15/2026 743463   QK 603 Ale 743463 05/15/2026 05/15/2026